1317 1732 1835 1100 1132 1481 1432 1860 1453 1074 1238 1824 1225 1655 1446 1844 1079 1798 1327 1238 1078 1843 1534 1942 1344 1564 1985 1917 1398 1512 1834 1608 1931 1828 1304 1717 1785 1892 1262 1306 1851 1188 1258 1044 1675 1501 1912 1422 1515 1099 1315 1201 1376 1420 1928 1243 1597 1613 1536 1512 1212 1719 1122 1966 1391 1456 1881 1808 1751 1895 1954 1456 1570 1406 1725 1316 1931 1061 1177 1689 1091 1275 1803 1229 1309 1232 1263 1814 1756 1939 1137 1418 1290 1119 1506 1035 1955 1569 1393 BCNSPRNW ULIB Ver.6.0+V

เปลี่ยนเป็นภาษาไทย

Change to English
 แสดงรายละเอียดบรรณานุกรม
  กลับหน้าหลัก

Brief Record : Get Marc (ISO 2709) : E-mail record : QR code < ปิดหน้าต่าง
LEADER : 00000nam 2200000uu 4500
001    13399125041
003     ULIB
008    160529s2558||||th 000 0 tha d
020    ^a9786167136714
050  4 HA62^bอ399ส
100 0  ^aอรุณ จิรวัฒน์กุล
245 10 ^aสถิติในงานวิจัย : เลือกใช้อย่างไรให้เหมาะสม =^bStatistics inresearch : appropriate selection /^cอรุณ จิรวัฒน์กุล
246 31 ^aStatistics in research : appropriate selection
250    ^aพิมพ์ครั้งที่ 1
260    ^aกรุงเทพฯ :^bวิทยพัฒน์,^c2558
300    ^a204 หน้า :^bภาพประกอบ ;^c21 ซม.
500    ^aพื้นฐานทั่วไป
650  0 ^aStatistics
650  0 ^aResearch^xStatistical methods
650  4 ^aสถิติศาสตร์
650  4 ^aวิจัย^xระเบียบวิธีทางสถิติ
945    ^p130^l0^i23778
945    ^p130^l0^i23779
999    ^aทศพร เกษรทอง
รายการนี้ยังไม่มีแท็ก
คุณยังไม่ได้ล็อกอิน คุณสามารถมีกิจกรรมร่วมกับเว็บไซต์ได้ แต่ต้องล็อกอินก่อน ::
  ล็อกอิน

รายการสื่อสารสนเทศ

ลำดับที่ ประเภท เลขเรียก/บาร์โค้ด สถานที่ สถานะ
1. การศึกษาทั่วไป
การศึกษาทั่วไป
HA62 อ399ส ฉ.1 
  Barcode: 23778
ห้องสมุดวิทยาเขตนครสวรรค์
►หนังสือทั่วไป:l:General Books
บนชั้น
2. การศึกษาทั่วไป
การศึกษาทั่วไป
HA62 อ399ส ฉ.2 
  Barcode: 23779
ห้องสมุดวิทยาเขตนครสวรรค์
►หนังสือทั่วไป:l:General Books
บนชั้น

รายการใกล้เคียง
    ผู้แต่ง [อรุณ จิรวัฒน์กุล]

    หัวเรื่อง [Statistics]
    หัวเรื่อง [สถิติศาสตร์]

BibComment


ยังไม่เคยถูกคอมเมนท์

คอมเมนท์ทรัพยากรรายการนี้
  คอมเมนท์: สถิติในงานวิจัย ..


 Copyright 2026. Bcnsprnw @Library